| 000 | 00363nam a2200133Ia 4500 | ||
|---|---|---|---|
| 008 | 150202s9999 xx 000 0 und d | ||
| 020 | _a671759329 | ||
| 050 |
_aFIC _bFIC |
||
| 100 | _aAndrews, Virginia C. | ||
| 245 |
_aDarkest hour / _cVirginia C. Andrews. |
||
| 260 |
_aNew York : _bPocket Books, _c1993. |
||
| 300 |
_a394 pages : _c18 cm. |
||
| 650 | _aFiction. | ||
| 999 |
_c281808 _d281808 |
||